[Event "Pan American-ch U20"]
[Site "Cali"]
[Date "2005.10.19"]
[Round "7"]
[White "Pinto, Juan"]
[Black "Gallego Alcaraz, Andres Felipe"]
[Result "0-1"]
[WhiteElo "1800"]
[BlackElo "2198"]
[PlyCount "100"]
[EventDate "2005.10.16"]
[EventType "swiss"]
[EventRounds "9"]
[EventCountry "COL"]
[SourceTitle "EXT 2022"]
[Source "ChessBase"]
[SourceDate "2021.10.06"]
[SourceVersion "1"]
[SourceVersionDate "2021.10.06"]
[SourceQuality "1"]

1. d4 Nf6 2. c4 c5 3. d5 b5 4. cxb5 a6 5. b6 Qxb6 6. Nc3 d6 7. e3 g6 8. Bd3 Bg7 9. Qc2 0-0 10. Nf3 e6 11. dxe6 Bxe6 12. 0-0 Nc6 13. a3 Rab8 14. Qe2 Rfe8 15. Bxa6 d5 16. Bd3 Bg4 17. Qc2 c4 18. Be2 Na5 19. Nd4 Bxe2 20. Ncxe2 Ne4 21. a4 Nc5 22. Bd2 Nab3 23. Nxb3 cxb3 24. Qb1 Ne4 25. Rd1 Qa6 26. Ng3 Nxg3 27. hxg3 d4 28. exd4 Bxd4 29. Bf4 Rbd8 30. Re1 Re2 31. Rxe2 Qxe2 32. Qe1 Qxb2 33. Rb1 Qa2 34. Kh2 Qxa4 35. Qd1 Rd5 36. Rxb3 Rb5 37. Rd3 Qxd1 38. Rxd1 Bxf2 39. g4 h5 40. g5 Bh4 41. Be3 Bxg5 42. Bf2 Bf6 43. Rd2 Rb2 44. Rxb2 Bxb2 45. Kg3 Kg7 46. Kf3 g5 47. Be3 Kg6 48. g4 hxg4+ 49. Kxg4 f5+ 50. Kf3 Be5 0-1

[Event "Pan American-ch U20"]
[Site "Cali"]
[Date "2005.10.18"]
[Round "4"]
[White "Pinto, Juan"]
[Black "Mateus, Alejandro"]
[Result "0-1"]
[WhiteElo "1800"]
[BlackElo "2051"]
[PlyCount "82"]
[EventDate "2005.10.16"]
[EventType "swiss"]
[EventRounds "9"]
[EventCountry "COL"]
[SourceTitle "EXT 2022"]
[Source "ChessBase"]
[SourceDate "2021.10.06"]
[SourceVersion "1"]
[SourceVersionDate "2021.10.06"]
[SourceQuality "1"]

1. d4 d5 2. c4 e6 3. Nc3 Nf6 4. cxd5 exd5 5. Bg5 c6 6. Qc2 Be7 7. e3 h6 8. Bh4 Nbd7 9. Bd3 0-0 10. f3 Re8 11. Nge2 c5 12. Bf2 Nf8 13. Qd2 Ne6 14. dxc5 Bxc5 15. 0-0 d4 16. exd4 Nxd4 17. Nxd4 Bxd4 18. Rad1 Bxf2+ 19. Qxf2 Qa5 20. Bb5 Rf8 21. Bc4 Bf5 22. Nd5 Nxd5 23. Rxd5 Qb4 24. Bb3 Be6 25. Rd4 Qb6 26. Bxe6 Qxe6 27. b3 Rfe8 28. Rfd1 Rac8 29. h3 Qe2 30. R1d2 Rc1+ 31. Kh2 Qe5+ 32. f4 Qf6 33. Rd6 Qa1 34. Qxa7 Rh1+ 35. Kg3 Rf1 36. R6d3 Qe1+ 37. Kg4 f5+ 38. Kh5 Kh7 39. Rd7 Rxf4 40. g4 Rxg4 41. Qf2 Rg5+ 0-1

[Event "Pan American-ch U20"]
[Site "Cali"]
[Date "2005.10.17"]
[Round "2"]
[White "Echeverria, Mario Armando"]
[Black "Pinto, Juan"]
[Result "1-0"]
[WhiteElo "2126"]
[BlackElo "1800"]
[PlyCount "64"]
[EventDate "2005.10.16"]
[EventType "swiss"]
[EventRounds "9"]
[EventCountry "COL"]
[SourceTitle "EXT 2022"]
[Source "ChessBase"]
[SourceDate "2021.10.06"]
[SourceVersion "1"]
[SourceVersionDate "2021.10.06"]
[SourceQuality "1"]

1. e4 c5 2. Nf3 d6 3. d4 cxd4 4. Nxd4 Nf6 5. Nc3 g6 6. Be3 Bg7 7. f3 0-0 8. Qd2 Nc6 9. 0-0-0 d5 10. exd5 Nxd5 11. Nxc6 bxc6 12. Bd4 e5 13. Bc5 Be6 14. Ne4 f5 15. Ng5 Bh6 16. h4 Re8 17. Bc4 Qf6 18. g3 Red8 19. Qh2 Nb6 20. Bb3 Bxb3 21. axb3 Bg7 22. Qe2 h6 23. Bxb6 Rxd1+ 24. Rxd1 hxg5 25. hxg5 Qxg5+ 26. Be3 Qf6 27. Qc4+ Qf7 28. Qxc6 Re8 29. Rd7 Re7 30. Rxe7 Qxe7 31. Qxg6 f4 32. Bd2 fxg3 1-0

[Event "Pan American-ch U20"]
[Site "Cali"]
[Date "2005.10.16"]
[Round "1"]
[White "Pinto, Juan"]
[Black "Panesso Rivera, Henry"]
[Result "1/2-1/2"]
[WhiteElo "1800"]
[BlackElo "2088"]
[PlyCount "70"]
[EventDate "2005.10.16"]
[EventType "swiss"]
[EventRounds "9"]
[EventCountry "COL"]
[SourceTitle "EXT 2022"]
[Source "ChessBase"]
[SourceDate "2021.10.06"]
[SourceVersion "1"]
[SourceVersionDate "2021.10.06"]
[SourceQuality "1"]

1. d4 Nf6 2. c4 g6 3. Nc3 Bg7 4. e4 d6 5. Be2 0-0 6. Nf3 e5 7. 0-0 Nc6 8. dxe5 Nxe5 9. Nxe5 dxe5 10. Qxd8 Rxd8 11. Bg5 Rd4 12. Nb5 Rd7 13. Bxf6 Bxf6 14. Bg4 Rd8 15. Bxc8 Rdxc8 16. Rfd1 c6 17. Nc3 Rd8 18. Rxd8+ Rxd8 19. Rd1 Rd4 20. Rxd4 exd4 21. Nb1 Bg5 22. Kf1 c5 23. Ke2 a6 24. g3 Bc1 25. b3 Kg7 26. Kd1 Bh6 27. Kc2 f5 28. exf5 gxf5 29. f4 Kg6 30. Nd2 Kf6 31. Nf3 Ke6 32. Kd3 Kd6 33. Nh4 Ke6 34. Nf3 b6 35. Ke2 Kd6 1/2-1/2